000 00413nam a22001697a 4500
005 20180319130433.0
008 160523b xxu||||| |||| 00| 0 eng d
020 _a81-297-0234-7
041 _aeng
082 _b4187
_a337
100 _aKrugman and Obstfeld
_94209
245 _aInternational Economics
260 _aNew Delhi
_bAcademic Faundation
300 _a735
650 _aManagement
_9241
942 _cBK
999 _c1413
_d1413